02008 2200289 4500001002100000005001500021035002000036008004100056245010800097100001500205260003800220300002500258020001500283084002000298520127100318082001401589650001301603600001401616990001101630990001101641990001101652990001101663990001101674990001101685990001101696990001101707INLIS00000000000066420260414101734 a0010-0621000264260414 g 0 ind 1 aPertanian Di Internet :bsitus pertanian, situs peternakan, situs perikanan, situs lembaga pertanian…1 aMulat, Tri aJakarta :bPenebar Swadaya,c2005 a119 hlm. ;c20,5 cm. a9794897620 a004.663 0 MUL p aPertanian Internet Dahulu informasi pertanian agak sulit dijumpai karena harus dicari hingga ke negara asal atau negara yang pertaniannya lebih maju. berbagi seminar, pelatihan atau bentuk apapun terkadang diikuti seseorang untuk mendapatkan informasi pertanian yang penting. Tidak sedikit biaya yang harus dikeluarkan untuk informasi tersebut. Kini penelusuran informasi tidak sesulit dulu. Adanya internet menyebabkan ilmu pertanian dari mancanegara dapat langsung diketahui dan diperoleh. Internet membuat ilmu dan teknologi pertanian hadir seketika untuk siapa saja dan di mana saja. Banyak kemudahan dan kelebihan yang ditawarkan oleh internet. Namun, bagaimana caranya memperoleh alamat informasi pertanian tersebut bila situs pertanian tidak diketahui? Buku Pertanian di Internet ini hadir untuk membantu pembaca yang ingin menambah wawasan dan menerapkan ilmu pertanian. Agar menjadi mudah, setiap situs ditampilkan satu per satu dengan uraian singkat mengenai situs tersebut. Buku ini bertujuan untuk memudahkan pembaca menelusuri informasi yang diinginkan. Penulis menyadari bahwa buku ini masih belum sempurna. Kritik dan saran sangat penulis harapkan sebagai masukan untuk penerbitan selanjutnya. Akhir kata, semoga buku ini bermanfaat bagi pembaca. iwn. a004.663 0 4aInternet 4aPertanian a019429 a019430 a019431 a019432 a032792 a032793 a032796 a032794